Zangers Draaiend in een Vinyl-platenspeler - Statistieken

Algemene statistieken
  • Deze quiz is 1.060 keer genomen
  • De gemiddelde score is 4 van 8
Antwoorden op de kaart
Antwoorden kleurgecodeerd door een groen-rode schaal op de quizkaart volgens % correct hieronder.
 
Antwoordstatistieken
Zanger % Correct
Michael Jackson
99%
Elvis Presley
86%
Freddie Mercury
51%
John Lennon
49%
David Bowie
48%
Whitney Houston
41%
George Michael
29%
Aretha Franklin
24%
Geen overeenkomende quizzen gevonden
Scoreverdeling
Procent van Mensen met Elke Score
Percentiel versus Aantal Correcte Antwoorden
Uw Scoregeschiedenis
U heeft deze quiz nog niet genomen